| 000 | 00773nam a2200241 a 4500 | ||
|---|---|---|---|
| 001 | 2072424 | ||
| 005 | 20180301033329.0 | ||
| 008 | 950222s1994 ilu b 001 0 eng | ||
| 010 | _a 94078249 | ||
| 020 | _a157073044X | ||
| 040 |
_aDLC _cDLC |
||
| 041 | _aeng | ||
| 043 | _an-us--- | ||
| 080 | _a346.730922 BAL | ||
| 082 | 0 | 0 |
_a346.730922 BAL _a347.306922 _220 |
| 100 | 1 | _a14 | |
| 101 | _aJUR | ||
| 245 | 1 | 0 |
_aABCs of arbitrage : _cFrederic L. Ballard, Jr. |
| 504 | _aIncludes bibliographical references and index. | ||
| 906 |
_a7 _bcbc _corignew _d2 _eopcn _f19 _gy-gencatlg |
||
| 942 |
_2ddc _cBK |
||
| 999 |
_c43748 _d43748 |
||